000 00527nam a2200193Ia 4500
005 20250508151835.0
008 008 250505s9999 xx 000 0 eng d
037 _aBooks to be hide in OPAC
040 _aFEDL
_beng
_cFEDL
041 _aeng
_2eng
084 _a507, NEU/O
_qFEDL
100 _aNeurath Marie
245 0 _aMachines which work for man
260 _aLondon, UK
_bMax Parrish
_c1952
300 _a48p.
700 _a Lauwerys J A
_9760128
942 _cHB
_h507, NEU/O
999 _c1332444
_d1332444